Countries that Use the Franc - Statistics

General Stats
  • This quiz has been taken 229 times
  • The average score is 15 of 22
Answer Stats
Country % Correct
Chad
78%
Switzerland
78%
Democratic Republic of the Congo
77%
Republic of the Congo
75%
Côte d'Ivoire
74%
Mali
74%
Niger
74%
Cameroon
73%
Central African Republic
71%
Senegal
71%
Guinea
69%
Benin
68%
Gabon
68%
Togo
67%
Burkina Faso
66%
Guinea-Bissau
64%
Burundi
59%
Equatorial Guinea
59%
Rwanda
56%
Djibouti
53%
Comoros
46%
Liechtenstein
35%
No matching quizzes found
Score Distribution
Percent of People with Each Score
Percentile by Number Answered
Your Score History
You have not taken this quiz